000 00346nam a2200145Ia 4500
008 231217s9999 xx 000 0 und d
041 _aEnglish
082 _a621.3813 GIR
100 _aGiridhar, K
245 0 _aMicrowave devices and circuits
260 _c2000
_bPooja Publ.
300 _a280
650 _aMicrowave devices
942 _cAA
999 _c169833
_d169833